Κατάλογος Βιβλιοθηκών Mediterranean College

Cardiorespiratory Physiotherapy / Adults and Paediatrics (Record no. 6015)

MARC details
000 -LEADER
fixed length control field 01261cam a22002174a 4500
005 - ΗΜΕΡΟΜΗΝΙΑ ΚΑΙ ΩΡΑ ΤΕΛΕΥΤΑΙΑΣ ΕΝΗΜΕΡΩΣΗΣ
Πεδίο ελέγχου 20250605164230.0
008 - FIXED-LENGTH DATA ELEMENTS--GENERAL INFORMATION
Πεδίο ελέγχου σταθερού μήκους 250528s ||||||||||||||||||||||||d
035 ## - SYSTEM CONTROL NUMBER
System control number 20938
020 ## - ISBN
ISBN 9780702047312
040 ## - ΠΗΓΗ ΚΑΤΑΛΟΓΟΓΡΑΦΗΣΗΣ
Φορέας πρωτότυπης καταλογογράφησης MC Athens Campus Library
Γλώσσα καταλογογράφησης Ελληνικά, Μοντέρνα (1453-)
Modifying agency MC Athens Campus Library
Κανόνες περιγραφικής καταλογογράφησης AACR2
245 1# - ΤΙΤΛΟΣ ΚΑΙ ΔΗΛΩΣΗ ΥΠΕΥΘΥΝΟΤΗΤΑΣ
Τίτλος Cardiorespiratory Physiotherapy / Adults and Paediatrics
250 ## - EDITION STATEMENT
Edition statement 5th
260 ## - PUBLICATION, DISTRIBUTION, ETC.
Name of publisher, distributor, etc. Elsevier,
Date of publication, distribution, etc. 2016
300 ## - PHYSICAL DESCRIPTION
Extent 794
520 ## - SUMMARY, ETC.
Summary, etc. This book provides comprehensive evidence based coverage of all the main aspects of respiratory and cardiac physiotherapy throughout the whole lifespan. Foreword, Preface, Acknowledgements, Anatomy and Physiology of the Respiratory and Cardiac Systems, Clinical Assessment, Thoracic Imaging, Cardiac and Cardiovascular Diseases, Respiratory Diseases, Outcome Measurement in Cardiorespiratory Physiotherapy Practice, Physiotherapy Interventions, Optimizing Engagement and Adherence with Therapeutic Interventions, Adult Intensive Care, Paediatric Intensive Care, Upper Abdominal and Cardiothoracic Surgery for Adults, Physical Activity and Rehabilitation, Cardiorespiratory Management of Special Populations, Appendix, Index.
700 1# - ΠΡΟΣΘΕΤΗ ΑΝΑΓΡΑΦΗ--ΦΥΣΙΚΟ ΠΡΟΣΩΠΟ
Personal name Denehy Linda
9 (RLIN) 6925
700 1# - ΠΡΟΣΘΕΤΗ ΑΝΑΓΡΑΦΗ--ΦΥΣΙΚΟ ΠΡΟΣΩΠΟ
Personal name Main Eleanor
9 (RLIN) 6926
942 ## - ADDED ENTRY ELEMENTS (KOHA)
Koha item type Books
Holdings
Τύπος τεκμηρίου Βιβλιοθήκη Τρέχουσα τοποθεσία Barcode Αριθμός εισαγωγής Ημερομηνία απόκτησης Ταξιθετικό σύμβολο Αριθμός αντιτύπου Κατάσταση απόσυρσης Κατάσταση χαμένου Κατάσταση κατεστραμμένου Μη δανεισμός Σύνολο δανεισμών Ημερομηνία τελευταίας εμφάνισης Χρονολογία τελευταίου δανεισμού Η τιμή ισχύει από
Books MC Athens Campus Library MC Thessaloniki Campus Library 9780000060143 6677 05/06/2025 616.1/2062 MAI 2         2 28/01/2026 13/01/2026 05/06/2025

MC Athens Campus Library
Πατησίων 94 & Κοδριγκτώνος 13, 104 34
Πελλήνης 8 & Πατησίων 107, 112 51
Τ: +30 210 8899600

MC Thessaloniki Campus Library
Ίωνος Δραγούμη 21, 54625 | Ίωνος Δραγούμη 15, 54625
Τ: +30 2310 287779 – Τ: +30 2314 440300